Normal view
MARC view
- Awais Hamid
Entry Personal Name
001 - CONTROL NUMBER
- control field: 106155
003 - CONTROL NUMBER IDENTIFIER
- control field: NUST
005 - DATE AND TIME OF LATEST TRANSACTION
- control field: 20221228093805.0
008 - FIXED-LENGTH DATA ELEMENTS
- fixed length control field: 221228|| aca||aabn | a|a d
040 ## - CATALOGING SOURCE
- Original cataloging agency: NUST
- Transcribing agency: NUST
100 ## - HEADING--PERSONAL NAME
- Personal name: Awais Hamid
670 ## - SOURCE DATA FOUND
- Source citation: Work cat.: (NUST)9262: Awais Hamid, Optimization of Semantic Caching for XML Databases, 2005.
